Central Library OPAC University of Rajshahi

The planning of library and documentation services / (Record no. 538)

MARC details
000 -LEADER
fixed length control field 01015nam a2200313 a 4500
001 - CONTROL NUMBER
control field 538
003 - CONTROL NUMBER IDENTIFIER
rucl marc code BD-RjUL
005 - DATE AND TIME OF LATEST TRANSACTION
control field 20211208233209.0
008 - FIXED-LENGTH DATA ELEMENTS--GENERAL INFORMATION
fixed length control field 760609s1970 fr b i000 0 eng
035 ## - SYSTEM CONTROL NUMBER
System control number (BD-RjUL)555
040 ## - CATALOGING SOURCE
Original cataloging agency DLC
Transcribing agency DLC
Modifying agency BD-RjUL
Language of cataloging eng
041 ## - LANGUAGE CODE
Language code of text/sound track or separate title eng
082 00 - DEWEY DECIMAL CLASSIFICATION NUMBER
Classification number 025.1
Edition number 16
Author mark and year PEP 1972
100 1# - MAIN ENTRY--PERSONAL NAME
Personal name Penna, Carlos Victor,
Dates associated with a name 1911-
9 (RLIN) 1657
Fuller form of name Carlos Victor Penna.
245 14 - TITLE STATEMENT
Title The planning of library and documentation services /
Statement of responsibility, etc. by C. V. Penna.
250 ## - EDITION STATEMENT
Edition statement 2d ed. rev. and enl. /
260 ## - PUBLICATION, DISTRIBUTION, ETC. (IMPRINT)
Place of publication, distribution, etc. Paris :
Name of publisher, distributor, etc. Unesco,
Date of publication, distribution, etc. c1970 [Impression 1972]
300 ## - PHYSICAL DESCRIPTION
Pagination 158 p. ;
Size 21 cm.
490 1# - SERIES STATEMENT
Series statement Unesco manuals for libraries ; 17
500 ## - GENERAL NOTE
General note First ed. published in 1967 under title: Planning library services.
General note "COM.70/IV.17b/A."
504 ## - BIBLIOGRAPHY, ETC. NOTE
Bibliography, etc Includes bibliographical references.
650 #0 - SUBJECT ADDED ENTRY--TOPICAL TERM
Topical term or geographic name as entry element Library planning.
9 (RLIN) 1658
700 1# - ADDED ENTRY--PERSONAL NAME
Personal name Sewell, Philip Hooper.
Personal name Liebaers, Herman.
942 ## - ADDED ENTRY ELEMENTS (KOHA)
Source of classification or shelving scheme Dewey Decimal Classification
Koha item type Books
Holdings
Lost status Source of classification or shelving scheme Damaged status Not for loan Collection code Permanent Location Current Location Shelving location Date acquired Source of acquisition Cost, normal purchase price Total Checkouts Full call number Date last seen Copy number Koha item type
  Dewey Decimal Classification     Non-fiction Central Library, University of Rajshahi Central Library, University of Rajshahi   06/05/1977 W.hEFFER AND SONS 2.85   025.1 VIP 1972 18/11/2013 C-1 Books
  Dewey Decimal Classification     Non-fiction Central Library, University of Rajshahi Central Library, University of Rajshahi   04/12/1981 UNESCO     025.1 PEP 1972 09/05/2016 C-2 Books
  Dewey Decimal Classification     Non-fiction Central Library, University of Rajshahi Central Library, University of Rajshahi   24/08/1986 N/A 0.00   025.1 PEP 1972 03/12/2016 C-3 Books